LEADER 01875oam 2200457Ia 450 001 9910695794203321 005 20070315093505.0 035 $a(CKB)5470000002371834 035 $a(OCoLC)53256075 035 $a(EXLCZ)995470000002371834 100 $a20031022d2003 ua 0 101 0 $aeng 135 $aurmn|---||||| 181 $ctxt$2rdacontent 182 $cc$2rdamedia 183 $acr$2rdacarrier 200 00$aStatistical strategy for inventorying and monitoring the ecosystem resources of the Mexican states of Jalisco and Colima at multiple scales and resolution levels$b[electronic resource] /$fH.T. Schreuder ... [and others] 210 1$aOgden, UT :$cU.S. Dept. of Agriculture, Forest Service, Rocky Mountain Research Station,$d[2003] 215 $a15 pages $cdigital, PDF 225 1 $aGeneral technical report RMRS ;$vGTR-107 300 $aTitle from web page viewed Oct. 22, 2003. 300 $a"September 2003." 320 $aIncludes bibliographical references. 606 $aNatural resources surveys$zMexico$zJalisco 606 $aNatural resources surveys$zMexico$zColima (State) 606 $aNatural resources$zMexico$zJalisco$xManagement 606 $aNatural resources$zMexico$zColima (State)$xManagement 615 0$aNatural resources surveys 615 0$aNatural resources surveys 615 0$aNatural resources$xManagement. 615 0$aNatural resources$xManagement. 701 $aSchreuder$b Hans T$01399259 712 02$aRocky Mountain Research Station (Fort Collins, Colo.) 801 0$bAGL 801 1$bAGL 801 2$bOCLCQ 801 2$bGPO 906 $aBOOK 912 $a9910695794203321 996 $aStatistical strategy for inventorying and monitoring the ecosystem resources of the Mexican states of Jalisco and Colima at multiple scales and resolution levels$93530988 997 $aUNINA